Spell the Marvel Hero #7 - Statistics

General Stats
  • This quiz has been taken 26 times
  • The average score is 6 of 8
Answer Stats
Picture Answer % Correct
Iron Man
100%
Captain Marvel
92%
Thor (Jane Foster)
88%
Jubilee
83%
Silk
79%
Justice
67%
U-Go Girl
58%
Energizer
54%
No matching quizzes found
Score Distribution
Percent of People with Each Score
Percentile by Number Answered
Your Score History
You have not taken this quiz